Analýza časové řady míry nezaměstnanosti v regionu Teplice
Analýza časovej rady registrovanej miery nezamestnanosti regiónu Teplice (ČR). Sezónne správanie danej mesačnej časovej rady je vyjadrené pomocou rozdielových sezónnych faktorov. Trendová funkcia a modelovanie časovej rady. Prognóza danej časovej rady.
Gespeichert in:
| 1. Verfasser: | |
|---|---|
| Format: | Buchkapitel |
| Sprache: | Tschechisch |
| Schlagworte: | |
| Tags: |
Keine Tags, Fügen Sie das erste Tag hinzu!
|
MARC
| LEADER | 00000naa$a2200000$$$4500 | ||
|---|---|---|---|
| 001 | 0041522 | ||
| 005 | 20231107071447.8 | ||
| 041 | 0 | |a cze | |
| 044 | |a CZ | ||
| 245 | 1 | 0 | |a Analýza časové řady míry nezaměstnanosti v regionu Teplice |c Jana Šimsová |
| 520 | |a Analýza časovej rady registrovanej miery nezamestnanosti regiónu Teplice (ČR). Sezónne správanie danej mesačnej časovej rady je vyjadrené pomocou rozdielových sezónnych faktorov. Trendová funkcia a modelovanie časovej rady. Prognóza danej časovej rady. | ||
| 610 | 2 | 0 | |a rady časové |
| 610 | 2 | 0 | |a miera nezamestnanosti |
| 610 | 2 | 0 | |a regióny |
| 610 | 2 | 0 | |a Česko |
| 610 | 2 | 0 | |a analýza radov časových |
| 610 | 2 | 0 | |a modelovanie |
| 610 | 2 | 0 | |a modely sezónnosti |
| 100 | 1 | |a Šimsová, Jana | |